Predtsvujeme Spoločnosť psoriatikov a atopikov SR

Bibliographic Details
Main Author: Husárová, Vlasta (Author)
Format: Article
Language:Slovak
Subjects:

MARC

LEADER 00000nab a2200000 a 4500
001 vtls000844928
003 SK-MaSNL
005 20260302164636.0
008 180206c2002 xo 0 slo
015 |a SNBRB2003/09-24892 
035 |a CLN000196583 
040 |a SNKBUCL  |b slo  |c SNKBUCL  |e AACR2 
041 0 |a slo 
044 |a xo  |c SK 
080 |a 616-008.64:616-056.7:061.25(437.6)  |2 UDC-MRF-SK2 
080 |a 616-056.7:061.25(437.6)  |2 UDC-MRF-SK2 
100 1 |a Husárová, Vlasta  |4 aut  |9 267169 
245 1 0 |a Predtsvujeme Spoločnosť psoriatikov a atopikov SR  |c Vlasta Husárová 
610 7 |a Spoločnosť psoriatikov a atopikov Slovenskej republiky  |2 snkbucl  |9 74832 
655 7 |a články z novín a časopisov  |2 snkbucl  |9 267496 
773 0 |t Humanita  |g Roč. 11, č. 4 (2002), s. 10 
850 |a Slovenská národná knižnica v Martine 
852 |a SNK  |b KIS3GCP 
958 |a RBX 
999 |c 1387362  |d 1389292